Papa's Bakeria Ingredients - Statistics

General Stats
  • This quiz has been taken 12 times
  • The average score is 38 of 133
Answer Stats
Hint Answer % Correct
Crust Chocolate Crust
75%
Syrup Chocolate Syrup
75%
Syrup Whipped Cream
75%
Filling Apple Filling
63%
Filling Cherry Filling
63%
Syrup Cherry Syrup
63%
Crust Graham Cracker Crust
63%
Syrup White Chocolate Syrup
63%
Filling Banana Filling
50%
Topping Cherries
50%
Crust Creameo Crust
50%
Crust Top (Valentine's Day) Heart Crust
50%
Crust Top Lattice Top
50%
Filling Marshmallow Filling
50%
Filling Pecan Filling
50%
Crust Top Polka Dot Crust
50%
Crust Red Velvet Crust
50%
Crust Traditional Crust
50%
Topping Banana Slices
38%
Pourable Topping Blueberries
38%
Filling Blueberry Filling
38%
Topping Blueberry Pie-Tarts
38%
Syrup Caramel Syrup
38%
Filling Cheesecake Filling
38%
Crust Top Chocolate Meringue
38%
Syrup Chocolate Mousse
38%
Topping Chocolate Mousse Dollop
38%
Pourable Topping Crushed Peanuts
38%
Pourable Topping Crushed Wafers
38%
Filling Dragonfruit Filling
38%
Syrup (New Year) Flavor X Syrup
38%
Filling Fudge Filling
38%
Topping (Valentine's Day) Heart Cookies
38%
Topping Kumquats
38%
Crust Ladyfingers Crust
38%
Filling Lemon Filling
38%
Syrup (Valentine's Day) Lollipop Drizzle
38%
Topping (Valentine's Day) Macarons
38%
Filling Peach Filling
38%
Filling Pineapple Filling
38%
Pourable Topping Pistachios
38%
Filling (Valentine's Day) Pomegranate Filling
38%
Topping Raspberries
38%
Crust Top (New Year) Spiral Crust
38%
Filling Strawberry Filling
38%
Filling Sugarplum Filling
38%
Filling Toffee Filling
38%
Filling (New Year) Tutti Frutti Filling
38%
Pourable Topping Blackberry Bark
25%
Topping (Cherry Blossom Festival) Blossom Cookie
25%
Topping Butterscotch Smooches
25%
Crust Top (St. Paddy's Day) Celtic Knot Crust
25%
Crust Top (Cherry Blossom Festival) Cherry Blossom Crust
25%
Crust Chocolate Chip Crust
25%
Topping (St. Paddy's Day) Chocolate Coins
25%
Crust Top Chocolate Crumb Topping
25%
Filling (St. Paddy's Day) Choco Mint Custard
25%
Pourable Topping Citrus Zest
25%
Topping (St. Paddy's Day) Clover Cookies
25%
Topping (Easter) Cremebury Eggs
25%
Topping (Starlight Jubilee) Dipped Strawberries
25%
Crust Top (Easter) Flower Bloom Crust
25%
Crust Gingersnap Crust
25%
Topping Grape Jelly Cookies
25%
Filling (Cherry Blossom Festival) Hakuto Jelly
25%
Syrup Huckleberry Syrup
25%
Filling (Easter) Jellybean Jam
25%
Filling Key Lime Filling
25%
Filling Kiwi Filling
25%
Topping Kiwi Slices
25%
Topping (Easter) Lavender Cheeps
25%
Syrup (Summer Luau) Luau Punch Drizzle
25%
Topping (Summer Luau) Madeleines
25%
Syrup (Cherry Blossom Festival) Matcha Syrup
25%
Topping (Summer Luau) Maui Meringue Dollops
25%
Crust Top Meringue Topping
25%
Syrup (St. Paddy's Day) Mint Syrup
25%
Filling (Starlight Jubilee) Mulberry Medley
25%
Filling (Summer Luau) Passionfruit Filling
25%
Filling Peanut Butter Fluff
25%
Crust Peanut Butter Swirl Crust
25%
Filling Purple Yam Filling
25%
Topping (New Year) Rainbow Meringue Dollops
25%
Filling Rhubarb Filling
25%
Syrup (Starlight Jubilee) Rocket Whip
25%
Pourable Topping Shaved Chocolate
25%
Crust Top Slit Top Crust
25%
Crust Top (Starlight Jubilee) Star Crust
25%
Crust Top Streusel Topping
25%
Pourable Topping Toasted Coconut
25%
Crust Vanilla Crispies Crust
25%
Crust Top Vented Crust
25%
Topping Whipped Cream Dollop
25%
Topping (New Year) Yum n' M Cookies
25%
Topping (Big Top Carnival) Animal Crackers
13%
Topping (Comet Con) Astronaut Ice Cream
13%
Crust Top (Thanksgiving) Autumn Leaves Crust
13%
Syrup (Christmas) Candy Cane Drizzle
13%
Topping (Halloween) Candy Corn
13%
Syrup (Thanksgiving) Candy Corn Drizzle
13%
Syrup (Grōōvstock) Chai Reverb Syrup
13%
Topping (Thanksgiving) Chocolate Acorn
13%
Filling (Big Top Carnival) Circus Peanut Filling
13%
Syrup (Big Top Carnival) Cotton Candy Syrup
13%
Crust Top (Comet Con) Crater Crust
13%
Filling (Sugarplex Filmfest) Dual Licorice Filling
13%
Crust Top (Sugarplex Filmfest) Film Reel Crust
13%
Topping (Christmas) Frosted Gifts
13%
Topping (Christmas) Frosted Wreaths
13%
Topping (Thanksgiving) Harvest Leaf Cookies
13%
Syrup (Sugarplex Filmfest) Hot Rods Syrup
13%
Syrup (Comet Con) Hyper Green Syrup
13%
Crust Top (Grōōvstock) Lightning Crust
13%
Topping (Grōōvstock) Marshmallow Drums
13%
Filling (Grōōvstock) Mission Fig Jam
13%
Topping (Grōōvstock) Music Notes
13%
Filling (Christmas) Peppermint Swirl Cream
13%
Topping (Comet Con) Planet Cookies
13%
Topping (Sugarplex Filmfest) Popcorn
13%
Filling (Thanksgiving) Pumpkin Filling
13%
Topping (Cherry Blossom Festival) Sakuramochi
13%
Topping (Big Top Carnival) Saltwater Taffy
13%
Syrup (Halloween) Scream Cream
13%
Filling (Halloween) Shadowberry Filling
13%
Topping (Halloween) Skull Cookies
13%
Crust Top (Christmas) Snowflake Crust
13%
Crust Top (Halloween) Spiderweb Crust
13%
Filling (Comet Con) Starfruit Filling
13%
Crust Top (Summer Luau) Sunburst Crust
13%
Topping (Sugarplex Filmfest) Sweetish Fish
13%
Crust Top (Big Top Carnival) Tent Top Crust
13%
Topping (Starlight Jubilee) White Chocolate Stars
13%
Syrup (Easter) Wildberry Whip
13%
No matching quizzes found
Score Distribution
Percent of People with Each Score
Percentile by Number Answered
Your Score History
You have not taken this quiz